| 000 | 00515nam a2200169Ia 4500 | ||
|---|---|---|---|
| 005 | 20250508155626.0 | ||
| 008 | 008 250505s9999 xx 000 0 eng d | ||
| 037 | _aBooks to be hide in OPAC | ||
| 040 |
_aFEDL _beng _cFEDL |
||
| 041 |
_aeng _2eng |
||
| 084 |
_a364.3, IND _qFEDL |
||
| 245 | 0 | _aReport on delinquent children and juvenile offenders in India 1955 | |
| 260 |
_aDelhi, India _bManager of Publications _c1959 |
||
| 300 | _a114p. | ||
| 942 |
_cHB _h364.3, IND |
||
| 999 |
_c1358309 _d1358309 |
||